书目信息 |
| 题名: |
贝聿铭
|
|
| 作者: | 王天锡 著 | |
| 分册: | ||
| 出版信息: | 北京 中国建筑工业出版社 1990.08 |
|
| 页数: | 287页 | |
| 开本: | 16开 | |
| 丛书名: | 国外著名建筑师丛书 | |
| 单 册: | ||
| 中图分类: | TU-0 | |
| 科图分类: | ||
| 主题词: | ||
| 电子资源: | ||
| ISBN: | 7-112-00788-7 | |
| 000 | 00497nam0 2200181 45 | |
| 001 | 0199005434 | |
| 005 | 20070108155759.25 | |
| 010 | @a7-112-00788-7@dCNY 26.00 | |
| 100 | @a19990804d km y0chiy0120 ea | |
| 101 | 0 | @achi |
| 200 | 1 | @ABEI YU MING@FWANG TIAN XI ZHU@a贝聿铭@f王天锡 著 |
| 210 | @a北京@c中国建筑工业出版社@d1990.08 | |
| 215 | @a287页@c无图表@d16开 | |
| 225 | 2 | @a国外著名建筑师丛书 |
| 410 | 0 | @12001 @a国外著名建筑师丛书 |
| 690 | @aTU-0 | |
| 801 | 0 | @c20070108 |
| 905 | @dTU-0@eW900@f3 | |
| 贝聿铭/王天锡 著.-北京:中国建筑工业出版社,1990.08 |
| 287页:无图表;16开.-(国外著名建筑师丛书) |
| ISBN 7-112-00788-7:CNY 26.00 |
| ● |
| 相关链接 |
|
|
|
正题名:贝聿铭
索取号:TU-0/W900
 
预约/预借
| 序号 | 登录号 | 条形码 | 馆藏地/架位号 | 状态 | 备注 |
| 1 | 23789 | 200155072 | 自科二线404/404自科库 25排1列4层/ [索取号:TU-0/W900] | 在馆 | |
| 2 | 23790 | 200154554 | 自科二线404/404自科库 5排6列1层/ [索取号:TU-0/W900] | 在馆 | |
| 3 | 23791 | 200147260 | 自科二线404/404自科库 5排6列1层/ [索取号:TU-0/W900] | 在馆 | |
| 4 | 444790 | 204447900 | 建筑库101/101建筑库 2排4列1层/ [索取号:TU-0/W900] | 在馆 |